00305nam a22001217a 4500020000800000040001600008082001000024100001500034245005500049250001200104260003700116300003000153 qPB. cFizza Ishaq b1984. aSked,Alan. aPost-war Britain A Political History /cAlan Sked. a2nd Ed. aNew York;bPenguin Books,c1984. a478 p. ;c7.7x4.9 inches